Taylor Swift '1989 World Tour' Countries - Statistics

General Stats
  • This quiz has been taken 37 times
  • The average score is 17 of 20
Answer Stats
Country % Correct
United Kingdom
97%
United States
97%
Australia
93%
Germany
93%
Japan
93%
Brazil
90%
Canada
90%
Argentina
86%
France
86%
Mexico
83%
Spain
83%
Sweden
83%
Ireland
79%
Italy
79%
Netherlands
76%
Portugal
76%
Switzerland
76%
Austria
72%
Poland
69%
Singapore
62%
No matching quizzes found
Score Distribution
Percent of People with Each Score
Percentile by Number Answered
Your Score History
You have not taken this quiz